| 000 | 00463nam a2200169Ia 4500 | ||
|---|---|---|---|
| 003 | GCL | ||
| 008 | 140319s9999 xx 000 0 eng d | ||
| 040 |
_aGCL / _cGCL |
||
| 082 | 0 | 4 |
_a621.3815 _bM O |
| 100 | 1 | _aMASSARA, R.E | |
| 245 | 1 | 0 |
_aOPTIMZATION METHODS IN ELECTRONIC CIRCUIT DESIGN / _cMASSARA, R.E |
| 260 |
_a[S.N] : _bLONFMSN SCIENTIFIC TECHNICAL ، _c1991 |
||
| 300 | _a197 p | ||
| 650 | 0 | 4 | _aELECTRONICS |
| 650 | 0 | 4 | _aCIRCUIT DESIGN |
| 942 |
_2ddc _cBK |
||
| 999 |
_c21347 _d21347 |
||